Mussulman Culture (Record no. 1657)

MARC details
000 -LEADER
fixed length control field 00573nam a2200241 a 4500
020 ## - INTERNATIONAL STANDARD BOOK NUMBER
ISBN
082 00 - DEWEY DECIMAL CLASSIFICATION NUMBER
Classification number 305.6297
Author Cutter BAR
100 ## - MAIN ENTRY--AUTHOR NAME
Author name Bartold, V V
245 ## - TITLE STATEMENT
Title Mussulman Culture
260 ## - PUBLICATION, DISTRIBUTION, ETC. (IMPRINT)
Place of publication Culcatta
Name of publisher University of Calcutta
Year of publication 1934
300 ## - PHYSICAL DESCRIPTION
Number of Pages 146p
500 ## - GENERAL NOTE
General note includes index and biblioraphy
505 2# - FORMATTED CONTENTS NOTE
Formatted contents note Index, Illus
650 ## - SUBJECT ADDED ENTRY--TOPICAL TERM
Topical Term Islamic-Culture
942 ## - ADDED ENTRY ELEMENTS (KOHA)
Koha item type Books
700 1# -
-- Bartold, V V
Holdings
Collection code Home library Current library Date acquired Cost, normal purchase price Full call number Accession Number Koha item type
  Henry Martyn Institute Library Henry Martyn Institute Library 10/05/2007 100.00 305.6297 BAR 01554 Books
                   Copyright © 2026 | Henry Martyn Institute | Hyderabad | TS-500052 | INDIA | Implemented by hmi.edu.in
Hit-Count:

Powered by Koha